000 00954nam a2200229Ia 4500
001 L235-7892
003 IT-CnALBA
008 170116s9999||||xx |||||||||||||| ||und||
040 _aIT-CnALBA
_cIT-CnALBA
041 _aITALIANO
100 _aLARRAGNAGA IGNAZIO, OFM.
245 0 _aIL SILENZIO DI MARIA.
250 _a5a ed.
260 _aCINISELLO BALSAMO (MI)
_bEDIZIONI PAOLINE
_c1984 [1° Ed.: - Ed.Ling.Originale: 1978]
300 _a214 p.
500 _aTRADUZIONE DALLO SPAGNOLO DI MARIA G. ABIGNENTE. PROFILO DI MARIA. PEREGRINAZIONE DI MARIA. MARIA LA MADRE. OLTRE LA CONSUMAZIONE.
501 _aSocietà San Paolo EM - Piazza San Paolo, 14 - 12051 ALBA (CN) (non commercial uses only) ® Copyright 2017
520 _aTRADUZIONE DALLO SPAGNOLO DI MARIA G. ABIGNENTE. PROFILO DI MARIA. PEREGRINAZIONE DI MARIA. MARIA LA MADRE. OLTRE LA CONSUMAZIONE.
650 _aMARIA SS. ANGELI SANTI DEMONI
942 _cBK
957 _71
999 _a8868
_bNO
_g Copie: 1
_c267074
_d267074